<?xml version="1.0" encoding="UTF-8"?>
<record
    xmlns:xsi="http://www.w3.org/2001/XMLSchema-instance"
    xsi:schemaLocation="http://www.loc.gov/MARC21/slim http://www.loc.gov/standards/marcxml/schema/MARC21slim.xsd"
    xmlns="http://www.loc.gov/MARC21/slim">

  <leader>01450    a2200205   4500</leader>
  <controlfield tag="001">29945</controlfield>
  <controlfield tag="005">20260407155610.0</controlfield>
  <controlfield tag="008">260407a1978    arg                 spa d</controlfield>
  <controlfield tag="003">AR-UNSa-BCEJYS</controlfield>
  <datafield tag="040" ind1=" " ind2=" ">
    <subfield code="a">AR-UNSa-BCEJYS</subfield>
    <subfield code="b">spa</subfield>
    <subfield code="c">AR-UNSa-BCEJYS</subfield>
  </datafield>
  <datafield tag="080" ind1=" " ind2=" ">
    <subfield code="a">657.471.61</subfield>
    <subfield code="x">Costes generales
</subfield>
  </datafield>
  <datafield tag="245" ind1="1" ind2="0">
    <subfield code="a">La pr&#xE1;ctica de costos I</subfield>
    <subfield code="p">resuleta con explicaci&#xF3;n</subfield>
  </datafield>
  <datafield tag="264" ind1=" " ind2="1">
    <subfield code="a">Buenos Aires :</subfield>
    <subfield code="b">Tesis</subfield>
    <subfield code="c">1978</subfield>
  </datafield>
  <datafield tag="300" ind1=" " ind2=" ">
    <subfield code="a">225 p.</subfield>
    <subfield code="c">20 cm.</subfield>
  </datafield>
  <datafield tag="520" ind1=" " ind2=" ">
    <subfield code="a">C</subfield>
  </datafield>
  <datafield tag="505" ind1=" " ind2=" ">
    <subfield code="a">1. Esquema b&#xE1;sico del costo, f&#xF3;rmulas e informes - 2. F&#xF3;rmulas y estados del costo - 3. Cuadro de explotaci&#xF3;n con inventarios - 4. Hoja de costos y estados de resultados - 5. Clasificaci&#xF3;n de cuentas - 6. Sistema de control dual - 7. Materiales - 8. Mano de obra - 9. Costos de producci&#xF3;n - 10. M&#xE9;todo de valuaci&#xF3;n - 11. Gastos de fabricaci&#xF3;n - 12. Costo de distribuci&#xF3;n - 13. Costo por &#xF3;rdenes - 14. Costo por procesos - 15. Costos conjuntos - 16. Sistema convencional de costeo por absorci&#xF3;n de gastos fijos - 17. Introducci&#xF3;n al costeo directo - 18. Costeo directo - 19. Costeo tradicional y costo directo - 20. Costo variable - 21. Relaci&#xF3;n costo-precio-utilidad-volumen - 22. Efecto en reducc&#xED;on de precios - 23. Los costos y las decisiones - 24. Costos diferenciales - 25. Precio de venta y retorno de la inversi&#xF3;n - 26. Aplicaci&#xF3;n de f&#xF3;rmulas de mayores de inversi&#xF3;n</subfield>
  </datafield>
  <datafield tag="942" ind1=" " ind2=" ">
    <subfield code="c">BK</subfield>
  </datafield>
  <datafield tag="590" ind1=" " ind2=" ">
    <subfield code="a">niveau_biblio:m niveau_hierar:0</subfield>
  </datafield>
  <datafield tag="100" ind1="1" ind2=" ">
    <subfield code="a">Bottaniz, Jose M.</subfield>
  </datafield>
  <datafield tag="999" ind1=" " ind2=" ">
    <subfield code="c">1981</subfield>
    <subfield code="d">1981</subfield>
  </datafield>
  <datafield tag="952" ind1=" " ind2=" ">
    <subfield code="0">0</subfield>
    <subfield code="1">0</subfield>
    <subfield code="4">0</subfield>
    <subfield code="7">0</subfield>
    <subfield code="a">BCEJYS</subfield>
    <subfield code="b">BCEJYS</subfield>
    <subfield code="c">16</subfield>
    <subfield code="d">2026-04-07</subfield>
    <subfield code="l">0</subfield>
    <subfield code="o">657.471.61 B751</subfield>
    <subfield code="p">L45026</subfield>
    <subfield code="r">2026-04-07 15:56:10</subfield>
    <subfield code="w">2026-04-07</subfield>
    <subfield code="y">L</subfield>
  </datafield>
  <datafield tag="952" ind1=" " ind2=" ">
    <subfield code="0">0</subfield>
    <subfield code="1">0</subfield>
    <subfield code="4">0</subfield>
    <subfield code="7">0</subfield>
    <subfield code="a">BCEJYS</subfield>
    <subfield code="b">BCEJYS</subfield>
    <subfield code="c">16</subfield>
    <subfield code="d">2026-04-07</subfield>
    <subfield code="l">0</subfield>
    <subfield code="o">657.471.61 B751</subfield>
    <subfield code="p">L45025</subfield>
    <subfield code="r">2026-04-07 15:56:10</subfield>
    <subfield code="w">2026-04-07</subfield>
    <subfield code="y">L</subfield>
  </datafield>
</record>
